Central Library OPAC University of Rajshahi

Nuclear strategy, arms control, and the future / (Record no. 6165)

MARC details
000 -LEADER
fixed length control field 01010cam a2200325 a 4500
001 - CONTROL NUMBER
control field 6165
003 - CONTROL NUMBER IDENTIFIER
rucl marc code BD-RjUL
005 - DATE AND TIME OF LATEST TRANSACTION
control field 20211208234210.0
008 - FIXED-LENGTH DATA ELEMENTS--GENERAL INFORMATION
fixed length control field 140109s1985 cou b 000 0 eng
020 ## - INTERNATIONAL STANDARD BOOK NUMBER
International Standard Book Number 0813301696 (hard) :
International Standard Book Number 081330170X (pbk.) :
035 ## - SYSTEM CONTROL NUMBER
System control number (BD-RjUL)6204
040 ## - CATALOGING SOURCE
Original cataloging agency DLC
Transcribing agency DLC
Modifying agency DLC
-- BD-RjUL
Language of cataloging eng
041 ## - LANGUAGE CODE
Language code of text/sound track or separate title eng
082 00 - DEWEY DECIMAL CLASSIFICATION NUMBER
Classification number 355.0217
Edition number 19
Author mark and year NUC 1985
245 00 - TITLE STATEMENT
Title Nuclear strategy, arms control, and the future /
Statement of responsibility, etc. edited by P. Edward Haley, David M. Keithly, and Jack Merritt.
260 ## - PUBLICATION, DISTRIBUTION, ETC. (IMPRINT)
Place of publication, distribution, etc. Boulder :
Name of publisher, distributor, etc. Westview Press,
Date of publication, distribution, etc. c1985.
300 ## - PHYSICAL DESCRIPTION
Pagination xxii, 372 p. ;
Size 23 cm.
504 ## - BIBLIOGRAPHY, ETC. NOTE
Bibliography, etc Includes bibliographies.
650 #0 - SUBJECT ADDED ENTRY--TOPICAL TERM
Topical term or geographic name as entry element Nuclear warfare.
9 (RLIN) 17169
Topical term or geographic name as entry element Nuclear arms control.
9 (RLIN) 16846
Topical term or geographic name as entry element Nuclear disarmament.
9 (RLIN) 14076
Topical term or geographic name as entry element Military policy.
9 (RLIN) 18207
700 1# - ADDED ENTRY--PERSONAL NAME
Personal name Haley, P. Edward.
Personal name Keithly, David M.
Personal name Merritt, Jack.
942 ## - ADDED ENTRY ELEMENTS (KOHA)
Source of classification or shelving scheme Dewey Decimal Classification
Koha item type Books
Holdings
Lost status Source of classification or shelving scheme Damaged status Not for loan Collection code Permanent Location Current Location Shelving location Date acquired Source of acquisition Total Checkouts Full call number Date last seen Copy number Koha item type
  Dewey Decimal Classification     Non-fiction Central Library, University of Rajshahi Central Library, University of Rajshahi   07/06/1990 Asia foundation   355.0217 NUC 1985 09/01/2014 C-2 Books
  Dewey Decimal Classification   Not For Loan Non-fiction Central Library, University of Rajshahi Central Library, University of Rajshahi Reading Room 22/05/1989 Asia Foundation   355.0217 NUC 1985 22/12/2016 C-1 Books